| 000 | 00793cam a2200289 4500 | ||
|---|---|---|---|
| 001 | 782605 | ||
| 003 | ARRUPE | ||
| 005 | 20140410135153.0 | ||
| 008 | 730504s1972 enk b 000 0 eng | ||
| 010 | _a 73154915 | ||
| 015 | _aB72-30347 | ||
| 020 | _a0333120531 | ||
| 040 |
_aDLC _cDLC _dDLC |
||
| 050 | 0 | 0 |
_aB398.E8 _bH83 1972 |
| 082 | 0 | 0 | _a170 |
| 100 | 1 |
_aHuby, Pamela M. _99870 |
|
| 245 | 1 | 0 | _aPlato and modern morality. |
| 260 |
_aLondon, _bMacmillan, _c1972. |
||
| 300 |
_aix, 80 p. _c23 cm. |
||
| 350 | _a£1.95 | ||
| 490 | 0 | _aNew studies in practical philosophy | |
| 504 | _aIncludes bibliographical references. | ||
| 600 | 0 | 0 |
_aPlato _xEthics. _99871 |
| 650 | 0 |
_aEthics, Ancient. _99872 |
|
| 906 |
_a7 _bcbc _corignew _d3 _encip _f19 _gy-gencatlg |
||
| 942 |
_2lcc _cMONOGRAPH |
||
| 999 |
_c120409 _d120409 |
||